000 01209nam a2200265 i 4500
001 34766
003 ES-MaACL
005 20250818174206.0
007 t|
008 030211s1962 sp ||||1| spa d
100 1 _aBonnín Aguiló, Francisco.
_9152446
245 1 0 _aMateo Rotger y Capllonch /
_c[por Francisco Bonnín Aguiló y Miguel Bota Totxó], Juan Guiraud y Rotger [por Bernardo Cifre Forteza], Lorenzo Cerdá y Bisbal [por José Vidal Isern], ilustres hijos de Pollensa.
260 _aPalma de Mallorca :
_bCaja de Ahorros y Monte de Piedad de Baleares :
_bAlfa,
_c1962.
300 _a41 p., 3 lám. ;
_c22 cm.
505 8 _aContiene: Guiraud y Rotger, poeta pollensín / por Bernardo Cifre Forteza - Lorenzo Cerdá y Bisbal, pintor de Pollensa / por José Vidal Isern
600 1 4 _aRotger Capllonch, Mateo.
_9152447
600 1 4 _aGuiraud y Rotger, Juan.
_9152448
600 1 4 _aSerda y Bisbal, Lorenzo.
_9152449
700 1 _aVidal Isern, José.
_9114494
700 1 _aBota Totxo, Miquel,
_d1920-2005
_9152450
700 1 _aCifre, Bernat (
_d1935-)
_9152451
710 2 _aCaja de Ahorros y Monte de Piedad de las Baleares.
_92318
852 _aES-MaACL
_j2029-F-21
999 _c34766
_d34766